Schaum's outline of theory and problems of mathematical methods for business and economics /

書誌詳細
第一著者: Dowling, Edward Thomas, 1938-
フォーマット: 図書
言語:English
出版事項: New York : McGraw-Hill, c1993.
シリーズ:Schaum's outline series
主題:
Classic Catalogue: View this record in Classic Catalogue
LEADER 02841nam a2200385 a 4500
001 4868175
003 BD-DhAAL
005 20250113123912.0
008 090707s1993 nyua 001 0 eng d
010 |a  92011962  
020 |a 0070176973 
020 |a 0070176744 
020 |a 9780070176973 
040 |a DLC  |c DLC  |d DLC  |d BD-DhAAL 
082 0 0 |a 650.01513  |2 20 
100 1 |a Dowling, Edward Thomas,  |d 1938-  |9 29573 
245 1 0 |a Schaum's outline of theory and problems of mathematical methods for business and economics /  |c Edward T.Dowling. 
260 |a New York :  |b McGraw-Hill,  |c c1993. 
300 |a ix, 384 pages :  |b illustrations ;  |c 28 cm. 
490 0 |a Schaum's outline series 
504 |a Includes index. 
526 |x Fahmida Saadia Rahman Senior Lecturer ESS Course name and no. N/A  
541 1 |a D.S. Books International  |e 00018750 
650 0 |a Business mathematics.  |9 29574 
650 0 |a Business mathematics  |x Problems, exercises, etc.  |9 29575 
650 0 |a Economics, Mathematical.  |9 29576 
650 0 |a Economics, Mathematical  |x Problems, exercises, etc.  |9 29577 
942 0 0 |2 ddc  |c BK 
999 |c 2170  |d 2170 
952 |0 0  |1 0  |2 ddc  |4 0  |6 650_015130000000000_DOW  |7 0  |9 2000  |a BRACUL  |b BRACUL  |c GEN  |d 2009-07-07  |e D.S. Books International  |g 800.00  |l 38  |m 262  |o 650.01513 DOW  |p 3010018750  |r 2026-01-18  |s 2025-10-21  |t 5  |y BK  |x Requisitioned by Fahmida Saadia Rahman Department of ESS. Course name and no. N/A  
952 |0 0  |1 0  |2 ddc  |4 0  |6 650_015130000000000_DOW  |7 0  |9 5711  |a BRACUL  |b BRACUL  |c GEN  |d 2009-11-22  |g 0.00  |l 29  |m 212  |o 650.01513 DOW  |p 3010010932  |r 2020-02-03  |s 2020-01-14  |t 1  |w 2009-11-22  |y BK  |x No price found in the accession register ; Previously missing book recovered on 21 September 2025 
952 |0 0  |1 0  |2 ddc  |4 0  |6 650_015130000000000_DOW  |7 0  |9 16079  |a BRACUL  |b BRACUL  |c GEN  |d 2011-04-13  |e D.S. Books International  |g 800.00  |l 40  |m 233  |o 650.01513 DOW  |p 3010018751  |r 2026-05-16  |s 2026-02-05  |t 6  |w 2011-04-13  |y BK  |x Requisitioned by Fahmida Saadia Rahman Department of ESS. Course name and no. N/A  
952 |0 0  |1 0  |2 ddc  |4 0  |6 650_015130000000000_DOW  |7 0  |9 17803  |a BRACUL  |b BRACUL  |c GEN  |d 2011-08-09  |e D.S. Books International  |g 800.00  |l 34  |m 285  |o 650.01513 DOW  |p 3010018749  |r 2025-09-20  |s 2025-09-14  |t 4  |w 2011-08-09  |y BK  |x Requisitioned by Fahmida Saadia Rahman Department of ESS. Course name and no. N/A  
952 |0 0  |1 0  |2 ddc  |4 0  |6 650_015130000000000_DOW  |7 0  |9 18049  |a BRACUL  |b BRACUL  |c GEN  |d 2011-09-18  |e D.S. Books International  |g 800.00  |l 35  |m 316  |o 650.01513 DOW  |p 3010018747  |r 2026-02-26  |s 2025-06-29  |t 2  |y BK  |x Requisitioned by Fahmida Saadia Rahman Department of ESS. Course name and no. N/A  
952 |0 0  |1 0  |2 ddc  |4 0  |6 650_015130000000000_DOW  |7 0  |9 61433  |a BRACUL  |b BRACUL  |c GEN  |d 2011-08-09  |e D.S. Books International  |g 800.00  |l 19  |m 159  |o 650.01513 DOW  |p 3010018748  |q 2026-04-27  |r 2025-06-25  |s 2025-06-25  |t 3  |y BK  |x Requisitioned by Fahmida Saadia Rahman Department of ESS. Course name and no. N/A